<?xml version="1.0" encoding="UTF-8"?>
<record
    xmlns:xsi="http://www.w3.org/2001/XMLSchema-instance"
    xsi:schemaLocation="http://www.loc.gov/MARC21/slim http://www.loc.gov/standards/marcxml/schema/MARC21slim.xsd"
    xmlns="http://www.loc.gov/MARC21/slim">

  <leader>01302nam a2200313 i 4500</leader>
  <controlfield tag="001">185386</controlfield>
  <controlfield tag="003">SpMaBN</controlfield>
  <controlfield tag="005">20250822055324.0</controlfield>
  <controlfield tag="008">160527s2012    sp abo       |||| | spa d</controlfield>
  <datafield tag="080" ind1=" " ind2=" ">
    <subfield code="a">811.134.2(091)</subfield>
  </datafield>
  <datafield tag="080" ind1=" " ind2=" ">
    <subfield code="a">94(460.18-89)</subfield>
  </datafield>
  <datafield tag="100" ind1="1" ind2=" ">
    <subfield code="a">Royano Guti&#xE9;rrez, Lourdes.</subfield>
    <subfield code="9">159676</subfield>
  </datafield>
  <datafield tag="245" ind1="1" ind2="3">
    <subfield code="a">El castellano, primer idioma de Hispania / </subfield>
    <subfield code="c">[textos, Lourdes Royano Guti&#xE9;rrez].</subfield>
  </datafield>
  <datafield tag="246" ind1="3" ind2="5">
    <subfield code="a">Castilla durante los siglos de la Reconquista</subfield>
  </datafield>
  <datafield tag="260" ind1=" " ind2=" ">
    <subfield code="a">Potes, Cantabria : </subfield>
    <subfield code="b">Casa de Cultura de Potes ; </subfield>
    <subfield code="a">M&#xE9;xico : </subfield>
    <subfield code="b">Frente de Afirmaci&#xF3;n Hispanista, </subfield>
    <subfield code="c">[2012]</subfield>
  </datafield>
  <datafield tag="300" ind1=" " ind2=" ">
    <subfield code="a">33 p. : </subfield>
    <subfield code="b">il. col. y n., mapa ; </subfield>
    <subfield code="c">29 cm.</subfield>
  </datafield>
  <datafield tag="490" ind1="1" ind2=" ">
    <subfield code="a">Museo Cartogr&#xE1;fico "Juan de la Cosa" ; </subfield>
    <subfield code="v">5</subfield>
  </datafield>
  <datafield tag="504" ind1=" " ind2=" ">
    <subfield code="a">Bibliograf&#xED;a: p. 23.</subfield>
  </datafield>
  <datafield tag="505" ind1="8" ind2=" ">
    <subfield code="a">Contiene: ; </subfield>
    <subfield code="t">Castilla durante los siglos de la Reconquista / </subfield>
    <subfield code="r">Am&#xE9;rico Castro</subfield>
  </datafield>
  <datafield tag="596" ind1=" " ind2=" ">
    <subfield code="a">En cub.: Museo Cartogr&#xE1;fico Juan de la Cosa.</subfield>
  </datafield>
  <datafield tag="650" ind1="0" ind2="7">
    <subfield code="a">Lengua espa&#xF1;ola-</subfield>
    <subfield code="v">Historia.</subfield>
    <subfield code="9">14166</subfield>
  </datafield>
  <datafield tag="651" ind1=" " ind2="4">
    <subfield code="a">Castilla (Reino)-</subfield>
    <subfield code="x">Historia.</subfield>
    <subfield code="9">7987</subfield>
  </datafield>
  <datafield tag="700" ind1="1" ind2=" ">
    <subfield code="a">Castro, Am&#xE9;rico,</subfield>
    <subfield code="d">1885-1972</subfield>
    <subfield code="9">226525</subfield>
  </datafield>
  <datafield tag="710" ind1="2" ind2=" ">
    <subfield code="a">Museo Cartogr&#xE1;fico Juan de la Cosa.</subfield>
    <subfield code="9">159677</subfield>
  </datafield>
  <datafield tag="710" ind1="2" ind2=" ">
    <subfield code="a">Frente de Afirmaci&#xF3;n Hispanista, A.C.</subfield>
    <subfield code="9">159234</subfield>
  </datafield>
  <datafield tag="830" ind1="0" ind2=" ">
    <subfield code="a">Museo Cartogr&#xE1;fico "Juan de la Cosa" ; </subfield>
    <subfield code="v">5</subfield>
    <subfield code="9">225197</subfield>
  </datafield>
  <datafield tag="852" ind1=" " ind2=" ">
    <subfield code="a">ES-MaACL</subfield>
    <subfield code="j">2330-F-19</subfield>
  </datafield>
  <datafield tag="999" ind1=" " ind2=" ">
    <subfield code="c">185386</subfield>
    <subfield code="d">185386</subfield>
  </datafield>
  <datafield tag="952" ind1=" " ind2=" ">
    <subfield code="0">0</subfield>
    <subfield code="1">0</subfield>
    <subfield code="4">0</subfield>
    <subfield code="7">0</subfield>
    <subfield code="8">Colecci&#xF3;n_de_folletos</subfield>
    <subfield code="a">ATENEOM</subfield>
    <subfield code="b">ATENEOM</subfield>
    <subfield code="c">DEPOF</subfield>
    <subfield code="d">2016-05-27</subfield>
    <subfield code="e">DON</subfield>
    <subfield code="l">0</subfield>
    <subfield code="o">2330-F-19</subfield>
    <subfield code="p">1195314</subfield>
    <subfield code="r">2023-02-23 00:00:00</subfield>
    <subfield code="w">2023-02-23</subfield>
    <subfield code="y">FOLLETOS</subfield>
  </datafield>
</record>
